fast typers quiz - Statistics

General Stats
  • This quiz has been taken 90 times
  • The average score is 60 of 100
Answer Stats
Hint Answer % Correct
2 2
100%
1 1
97%
3 3
95%
4 4
95%
5 5
95%
7 7
95%
8 8
95%
9 9
95%
6 6
92%
10 10
89%
12 12
89%
13 13
89%
20 20
89%
11 11
87%
21 21
87%
22 22
87%
25 25
87%
28 28
87%
14 14
84%
15 15
84%
16 16
84%
17 17
84%
18 18
84%
19 19
84%
23 23
84%
24 24
84%
26 26
84%
27 27
84%
29 29
84%
34 34
84%
30 30
82%
31 31
82%
35 35
82%
36 36
82%
32 32
79%
33 33
79%
37 37
76%
38 38
76%
39 39
74%
40 40
74%
41 41
74%
42 42
71%
43 43
71%
45 45
71%
47 47
71%
46 46
68%
48 48
68%
44 44
66%
49 49
63%
50 50
61%
51 51
61%
54 54
61%
52 52
58%
53 53
58%
55 55
58%
56 56
55%
57 57
55%
58 58
53%
59 59
53%
60 60
53%
61 61
50%
62 62
47%
63 63
47%
65 65
45%
64 64
42%
68 68
42%
67 67
39%
72 72
39%
73 73
39%
76 76
39%
78 78
39%
69 69
37%
70 70
37%
71 71
37%
74 74
37%
75 75
37%
77 77
37%
80 80
37%
82 82
37%
66 66
34%
79 79
34%
81 81
34%
83 83
34%
84 84
34%
92 92
32%
93 93
32%
85 85
29%
86 86
29%
87 87
29%
89 89
29%
91 91
29%
88 88
26%
90 90
26%
94 94
26%
95 95
24%
96 96
21%
99 99
18%
97 97
16%
98 98
16%
100 100
13%
No matching quizzes found
Score Distribution
Percent of People with Each Score
Percentile by Number Answered
Your Score History
You have not taken this quiz